Gaming Quiz

Random Gaming or Minecraft Quiz

Armor in Minecraft Quiz Stats

 Plays Quiz not verified by Sporcle

Score 0/20 Timer 01:30
0 Plays Today
Answer % Correct
Leather helmet
92.6%
Leather chestplate
92.6%
Leather leggings
92.6%
Diamond helmet
92.6%
Leather boots
91.9%
Gold helmet
90.4%
Gold boots
89.6%
Iron helmet
89.6%
Diamond chestplate
89.6%
Gold chestplate
88.9%
Answer % Correct
Gold leggings
88.9%
Iron boots
88.9%
Iron leggings
88.1%
Diamond leggings
88.1%
Iron chestplate
87.4%
Diamond boots
86.7%
Chain leggings
80.7%
Chain helmet
80%
Chain boots
79.3%
Chain chestplate
79.3%

You're not logged in!

Compare scores with friends on all Sporcle quizzes.
OR
Log In

Show Comments

Extras

Top Quizzes Today


Score Distribution

Your Account Isn't Verified!

In order to create a playlist on Sporcle, you need to verify the email address you used during registration. Go to your Sporcle Settings to finish the process.

Report this User

Report this user for behavior that violates our Community Guidelines.

Details: